00424nam a2200169Ia 450000500170000000800410001702000100005804000190006804100120008708200130009910000200011224500450013226000360017730000100021365000210022385000100024420240408094200.0131103s9999 xx 000 0 und d cRs 18 aLoreto College aEnglish a425bALE aAlexander, L.G. aEssay and letter writingcL.G. Alexander aHyderabadbOrient Longmanc1972 a137p  aEnglish Language aLCBED